Microbial biodegradation from omics to function and application
Salvato in:
| Altri autori: | |
|---|---|
| Natura: | Libro |
| Lingua: | inglese |
| Pubblicazione: |
Norfolk, UK
Caister Academic
2016
|
| Soggetti: | |
| Accesso online: | Visualizza in OPAC |
| Tags: |
Nessun Tag, puoi essere il primo ad aggiungerne!!
|
MARC
| LEADER | 00000nam a2200000 a 4500 | ||
|---|---|---|---|
| 005 | 20260127134156.0 | ||
| 008 | 170117 2016 enka i 000 0 eng d | ||
| 020 | |a 9781910190456 | ||
| 035 | |a vtls011604559 | ||
| 039 | 9 | |a 201701171039 |b mschk03 |y 201701170946 |z mschk03 | |
| 040 | |a STUSCHK1 |b slo |c STUSCHK1 |e AACR2 | ||
| 080 | |a 572/.429 |2 22 | ||
| 245 | 1 | |a Microbial biodegradation |b from omics to function and application |c edited by Jerzy Długoński | |
| 260 | |a Norfolk, UK |b Caister Academic |c 2016 | ||
| 300 | |a x,238 s. |b il. |c 26 cm | ||
| 504 | |a Obsahuje index | ||
| 650 | 0 | |a Microbial metabolism | |
| 650 | 0 | |a Biodegradation | |
| 650 | 0 | |a Microbial biotechnology | |
| 700 | 1 | |a Długoński, Jerzy |4 edt | |
| 910 | |a SCHK95 | ||
| 919 | |a 978-1-910190-45-6 | ||
| 999 | |c 5896 |d 5896 | ||